Zwycięzcy Pucharu Świata (Piłkarze) - nagła śmierć - Statystyki

Ogólne statystyki
  • Ten quiz został rozwiązany 152 razy
  • Średni wynik to 13 z 41
Answers on the Grid
Answers color-coded by a green-red scale on the quiz's grid according to % correct below.
Lionel Messi
Julián Alvarez
Lautaro Martinez
Paulo Dybala
Presnel Kimpembe
N'Golo Kanté
Paul Pogba
Kylian Mbappé
Olivier Giroud
Ousmane Dembélé
Antoine Griezmann
Manuel Neuer
Toni Kroos
Miroslav Klose
Mario Götze
Philipp Lahm
Mesut Özil
Bastian Schweinsteiger
Iker Casillas
Xabi Alonso
Sergio Ramos
Andrés Iniesta
Fernando Torres
Gianluigi Buffon
Francesco Totti
Fabio Cannavaro
Andrea Pirlo
Ronaldo (R9)
Ronaldinho
Roberto Carlos
Thierry Henry
Marcel Desailly
Jürgen Klinsmann
Rudi Völler
Lothar Matthäus
Diego Maradona
Franz Beckenbauer
Gerd Müller
Pelé
Sir Bobby Charlton
Fritz Walter
Marco Reus
Paolo Maldini
Roberto Baggio
Johan Cruyff
Oliver Kahn
Franck Ribéry
Arjen Robben
Luka Modric
Michael Ballack
Zlatan Ibrahimovic
Neymar
Marc-André ter Stegen
Joshua Kimmich
David Beckham
Luis Figo
Marco van Basten
Lev Yashin
Ryan Giggs
Peter Schmeichel
Steven Gerrard
Andrij Schewtschenko
Dennis Bergkamp
Ferenc Puskás
Sergio Agüero
Rodri
Alisson
Daniel Carvajal
 
Statystyki odpowiedzi
Odpowiedź % Poprawnych
Diego Maradona
46%
Fabio Cannavaro
43%
Iker Casillas
43%
Lionel Messi
43%
Antoine Griezmann
39%
Ronaldo (R9)
39%
Andrés Iniesta
38%
Gianluigi Buffon
38%
Manuel Neuer
38%
Miroslav Klose
36%
Pelé
36%
Sergio Ramos
36%
Gerd Müller
34%
Lautaro Martinez
34%
Marcel Desailly
34%
Paul Pogba
34%
Francesco Totti
33%
Mesut Özil
33%
Roberto Carlos
33%
Toni Kroos
33%
Bastian Schweinsteiger
31%
Fernando Torres
31%
Kylian Mbappé
31%
Philipp Lahm
31%
Mario Götze
30%
N'Golo Kanté
28%
Xabi Alonso
28%
Andrea Pirlo
25%
Lothar Matthäus
25%
Olivier Giroud
25%
Ronaldinho
25%
Franz Beckenbauer
23%
Sir Bobby Charlton
23%
Julián Alvarez
21%
Ousmane Dembélé
21%
Paulo Dybala
21%
Presnel Kimpembe
21%
Thierry Henry
21%
Rudi Völler
20%
Fritz Walter
15%
Jürgen Klinsmann
15%
Nie znaleziono quizów pasujących do podanych kryteriów
Rozkład punktacji
Procent ludzi z każdym wynikiem
Percentyl według liczby udzielonych odpowiedzi
Twoja historia wyników
Nie rozwiązałeś tego quizu